Sports Quiz

Random Sports or Basketball Quiz

NBA leading scorers 1999-2000 Quiz Stats

 Plays Quiz not verified by Sporcle

Score 0/25 Timer 07:00
1 Play Today
Team Player % Correct
LakersShaquille Oneal
98.3%
LakersKobe Bryant
98.2%
76ersAllen Iverson
98%
RaptorsVince Carter
94.1%
SpursTim Duncan
93.8%
JazzKarl Malone
92.9%
WolvesKevin Garnett
92.8%
SonicsGary Payton
88.2%
KingsChris Webber
86.4%
CelticsPaul Pierce
84%
BucksRay Allen
80.8%
HeatAlonzo Mourning
78.2%
PistonsGrant Hill
70.1%
Team Player % Correct
PistonsJerry Stackhouse
66.3%
CelticsAntoine Walker
66%
BucksGlenn Robinson
63.6%
KnicksAllan Houston
56.8%
MavericksMichael Finley
54%
GrizzliesShareef Abdur-rahim
47.5%
NetsStephon Marbury
45.4%
BullsElton Brand
44.8%
HornetsEddie Jones
30.4%
WarriorsAntawn Jamison
30.1%
NetsKeith VanHorn
27.7%
HawksJR Rider
7%

You're not logged in!

Compare scores with friends on all Sporcle quizzes.
Join for Free
OR
Log In

You Might Also Like...

Show Comments

Extras

Top Quizzes Today


Score Distribution

Your Account Isn't Verified!

In order to create a playlist on Sporcle, you need to verify the email address you used during registration. Go to your Sporcle Settings to finish the process.

Report this User

Report this user for behavior that violates our Community Guidelines.

Details: